South Eastern Kenya University

Library Online Public Access Catalogue


Thomas' calculus : (Record no. 10309)

MARC details
000 -LEADER
fixed length control field 00708cam a2200217 a 4500
020 ## - ISBN
International Standard Book Number 9780321588760
020 ## - ISBN
International Standard Book Number 0321588762
020 ## - ISBN
International Standard Book Number 0321628837
020 ## - ISBN
International Standard Book Number 9780321628831
050 00 - LIBRARY OF CONGRESS CALL NUMBER
Classification Number QA303.2
Item Number .F56 2010
100 1# - MAIN ENTRY--Author
Personal name Weir, Maurice D.
245 10 - TITLE
Title Thomas' calculus :
Remainder of title early transcendentals /
Statement of responsibility, etc based on the original work by George B. Thomas, Jr., as revised by Maurice D. Weir, Joel Hass.
250 ## - EDITIONSTATEMENT
Edition statement 12th ed.
260 ## - PUBLICATION, DISTRIBUTION, ETC.(IMPRINT)
Place of publication, distribution, etc Boston :
Name of publisher, distributor, etc Addison-Wesley,
Date of publication, distribution, etc c2010.
300 ## - PHYSICAL DESCRIPTION
Extent xvi, 1006, [133] p. :
500 ## - GENERALNOTE
General note Includes index.
650 ## - SUBJECT--TOPIC
General subdivision Maple (Computer file) ;
-- Calculus ;
-- Calculus -- Data processing.
700 1# - ADDED ENTRY--PERSONAL AUTHOR
Personal Name Hass, Joel.
700 1# - ADDED ENTRY--PERSONAL AUTHOR
Personal Name Thomas, George B.,
942 ## - ADDED ENTRY ELEMENTS(KOHA)
Source of classification or shelving scheme Library of Congress Classification
Koha item type General circulation
Holdings
Source of classification or shelving scheme Not for loan Location (home branch) Sublocation (holding branch) Shelving location Date accessioned Cost, normal purchase price Full call number Barcode Cost, replacement price Nonpublic note Koha item type Public note
Library of Congress Classification   Mtito Andei Centre Library Mtito Andei Centre Library   03/02/2016 5505.00 QA303.2 .F56 2010 2015/009568 6055.00 Nzk General circulation Nzk
Kitui, Kenya.
+254736116989
library@seku.ac.ke